[Event "Penang op 7th"]
[Site "Penang"]
[Date "2015.12.10"]
[Round "6"]
[White "Priasmoro, Novendra"]
[Black "Woong, Zhi Wei William"]
[Result "1-0"]
[WhiteElo "2324"]
[BlackElo "1974"]
[PlyCount "100"]
[EventDate "2015.12.07"]
[EventType "swiss"]
[EventRounds "9"]
[EventCountry "MAS"]
[SourceTitle "CBM 169 Extra"]
[Source "ChessBase"]
[SourceDate "2015.12.18"]
[SourceVersion "1"]
[SourceVersionDate "2015.12.18"]
[SourceQuality "1"]

1. d4 d5 2. Nc3 Bf5 3. f3 e6 4. e4 Bg6 5. Be3 dxe4 6. fxe4 Bb4 7. e5 Qh4+ 8. Kd2 Nc6 9. Nf3 Qd8 10. Bd3 Nge7 11. Kc1 Bxc3 12. bxc3 Nd5 13. Qd2 Qd7 14. Bf2 Nb6 15. c4 Bxd3 16. cxd3 0-0-0 17. a3 Ne7 18. a4 Qc6 19. a5 Nd7 20. Kc2 Kb8 21. Rhb1 Ka8 22. Qb4 Nd5 23. Qb5 Qxb5 24. Rxb5 Nf4 25. Be3 Ng6 26. Ng5 Rde8 27. Nxf7 Rhf8 28. Ng5 h6 29. Nf3 a6 30. Rb2 Ne7 31. Rab1 Rb8 32. Kc3 g5 33. h3 Nc6 34. Ra1 Rf5 35. Re2 Rbf8 36. Bd2 Ne7 37. Kc2 Ng6 38. Rae1 c6 39. Re4 Re8 40. R1e2 Kb8 41. Rg4 c5 42. dxc5 Ngxe5 43. Nxe5 Nxe5 44. Rge4 Nc6 45. Bc3 Rxc5 46. Rxe6 Rxe6 47. Rxe6 h5 48. d4 Rf5 49. Re8+ Kc7 50. d5 Nd8 1-0

[Event "Penang op 7th"]
[Site "Penang"]
[Date "2015.12.08"]
[Round "2"]
[White "Kong Jian Yuan, Stephen"]
[Black "Woong, Zhi Wei William"]
[Result "0-1"]
[WhiteElo "1739"]
[BlackElo "1974"]
[PlyCount "56"]
[EventDate "2015.12.07"]
[EventType "swiss"]
[EventRounds "9"]
[EventCountry "MAS"]
[SourceTitle "CBM 169 Extra"]
[Source "ChessBase"]
[SourceDate "2015.12.18"]
[SourceVersion "1"]
[SourceVersionDate "2015.12.18"]
[SourceQuality "1"]

1. Nf3 e6 2. c4 d5 3. g3 Nf6 4. b3 c5 5. Bb2 Nc6 6. Bg2 d4 7. d3 Be7 8. Na3 0-0 9. 0-0 e5 10. Nc2 Qc7 11. e3 h6 12. exd4 exd4 13. Qd2 a5 14. Na3 Bf5 15. Nb5 Qd7 16. a3 Ng4 17. Rfe1 Bf6 18. Bh1 Nge5 19. Nxe5 Nxe5 20. Rad1 Bg4 21. Rb1 Nf3+ 22. Bxf3 Bxf3 23. Qf4 Bc6 24. g4 Bxb5 25. cxb5 Qxb5 26. Qf3 Rfe8 27. Rxe8+ Rxe8 28. Bc1 Re1+ 0-1

[Event "World ol U16"]
[Site "Ulaanbaatar"]
[Date "2015.08.27"]
[Round "9.3"]
[White "Woong, Zhi Wei William"]
[Black "Yakubboev, Nodirbek"]
[Result "0-1"]
[WhiteElo "2053"]
[BlackElo "2296"]
[PlyCount "82"]
[EventDate "2015.08.20"]
[EventType "team-swiss"]
[EventRounds "9"]
[EventCountry "MGL"]
[SourceTitle "EXT 2016"]
[Source "ChessBase"]
[SourceDate "2015.10.08"]
[SourceVersion "1"]
[SourceVersionDate "2015.10.08"]
[SourceQuality "1"]
[WhiteTeam "Singapore"]
[BlackTeam "Uzbekistan"]
[WhiteTeamCountry "SIN"]
[BlackTeamCountry "UZB"]

1. e4 e5 2. Nf3 Nc6 3. Bb5 g6 4. d4 exd4 5. Bg5 Be7 6. Bxe7 Qxe7 7. Bxc6 dxc6 8. Qxd4 Nf6 9. Nc3 Bg4 10. 0-0-0 Bxf3 11. gxf3 0-0 12. f4 Rfd8 13. Qe3 Rxd1+ 14. Rxd1 Re8 15. Qxa7 b6 16. Qb7 Qc5 17. Qxc7 Qxf2 18. Qxc6 Qxf4+ 19. Kb1 Re6 20. Nd5 Rxc6 21. Nxf4 Nxe4 22. c3 h5 23. Rd4 Ng5 24. Kc2 Kg7 25. Nd5 Nf3 26. Rb4 Nxh2 27. Rxb6 Rc5 28. Ne3 h4 29. a4 h3 30. Rb5 Rc8 31. Rd5 Re8 32. Kd3 Rxe3+ 33. Kxe3 Nf1+ 34. Kf2 h2 35. Kg2 Ne3+ 36. Kxh2 Nxd5 37. a5 Kf6 38. a6 Ke5 39. b4 Nc7 40. a7 Kd5 41. b5 Kc5 0-1